Materials science and processes / (Record no. 1802)
[ view plain ]
| 000 -LEADER | |
|---|---|
| fixed length control field | 00562cam a2200217ua 4500 |
| 020 ## - INTERNATIONAL STANDARD BOOK NUMBER | |
| ISBN | 0 906216 001 |
| 041 ## - LANGUAGE CODE | |
| Language code of text/sound track or separate title | eng |
| 082 ## - DEWEY DECIMAL CLASSIFICATION NUMBER | |
| Classification number | 671.3 |
| Item number | HAJ/MA |
| 100 ## - MAIN ENTRY--AUTHOR NAME | |
| Personal name | Hajra, Choudhary.S.K . |
| 245 ## - TITLE STATEMENT | |
| Title | Materials science and processes / |
| 250 ## - EDITION STATEMENT | |
| Edition statement | 1 / |
| 260 ## - PUBLICATION, DISTRIBUTION, ETC. (IMPRINT) | |
| Place of publication | Calcutta : |
| Name of publisher | Indian Book distributing co. , |
| Year of publication | 1985. |
| 300 ## - PHYSICAL DESCRIPTION | |
| Number of Pages | 603 ; . |
| 942 ## - ADDED ENTRY ELEMENTS (KOHA) | |
| Koha item type | Books |
| Withdrawn status | Lost status | Damaged status | Home library | Current library | Date acquired | Full call number | Accession Number | Koha item type | Source of acquisition | Cost, normal purchase price |
|---|---|---|---|---|---|---|---|---|---|---|
| KAUAET | KAUAET | 29/04/1986 | 671.3 | 15247 | Books | |||||
| KAUAET | KAUAET | 29/04/1986 | 671.3 | 15246 | Books | |||||
| KAUAET | KAUAET | 29/04/1986 | 671.3 | 15244 | Books | |||||
| KAUAET | KAUAET | 29/04/1986 | 671.3 | 15243 | Books | |||||
| Withdrawn | KAUAET | KAUAET | 13/01/2025 | 671.3 HAJ/MA | 15245 | Books | Standard Book House, Thrissur. | 42.00 |
